Statistiche per Pokémon Di Johto

Clicka qui per fare il quiz!

Statistiche generali

  • Questo quiz è stato fatto 7 volte
  • Il punteggio medio è 69 su 100

Statistiche sulle risposte

PokédexTipoPokémon% Corretto
#0153ErbaBayleef
100%
#0251Psico/ErbaCelebi
100%
#0152ErbaChikorita
100%
#0169Veleno/VolanteCrobat
100%
#0159AcquaCroconaw
100%
#0155FuocoCyndaquil
100%
#0239ElettroElekid
100%
#0244FuocoEntei
100%
#0196PsicoEspeon
100%
#0207Terra/VolanteGligar
100%
#0250Fuoco/VolanteHo-Oh
100%
#0249Psico/VolanteLugia
100%
#0240FuocoMagby
100%
#0154ErbaMeganium
100%
#0156FuocoQuilava
100%
#0243ElettroRaikou
100%
#0245AcquaSuicune
100%
#0158AcquaTotodile
100%
#0157FuocoTyphlosion
100%
#0197BuioUmbreon
100%
#0168Coleottero/VelenoAriados
86%
#0160AcquaFeraligatr
86%
#0230Acqua/DragoKingdra
86%
#0171Acqua/ElettroLanturn
86%
#0241NormaleMiltank
86%
#0212Coleottero/AcciaioScizor
86%
#0227Acciaio/VolanteSkarmory
86%
#0167Coleottero/VelenoSpinarak
86%
#0208Acciaio/TerraSteelix
86%
#0175FollettoTogepi
86%
#0176Folletto/VolanteTogetic
86%
#0181ElettroAmpharos
71%
#0170Acqua/ElettroChinchou
71%
#0232TerraDonphan
71%
#0206NormaleDunsparce
71%
#0180ElettroFlaaffy
71%
#0205Coleottero/AcciaioForretress
71%
#0162NormaleFurret
71%
#0203Normale/PsicoGirafarig
71%
#0237LottaHitmontop
71%
#0187Erba/VolanteHoppip
71%
#0229Buio/FuocoHoundoom
71%
#0228Buio/FuocoHoundour
71%
#0189Erba/VolanteJumpluff
71%
#0246Roccia/TerraLarvitar
71%
#0166Coleottero/VolanteLedian
71%
#0165Coleottero/VolanteLedyba
71%
#0179ElettroMareep
71%
#0198Buoi/VolanteMurkrow
71%
#0164Normale/VolanteNoctowl
71%
#0172ElettroPichu
71%
#0221Ghiaccio/TerraPiloswine
71%
#0204ColeotteroPineco
71%
#0247Roccia/TerraPupitar
71%
#0161NormaleSentret
71%
#0188Erba/VolanteSkiploom
71%
#0238Ghiaccio/PsicoSmoochum
71%
#0220Ghiaccio/TerraSwinub
71%
#0248Roccia/BuioTyranitar
71%
#0236LottaTyrogue
71%
#0201PsicoUnown
71%
#0182ErbaBellossom
57%
#0242NormaleBlissey
57%
#0173FollettoCleffa
57%
#0214Coleottero/LottaHeracross
57%
#0163Normale/VolanteHoothoot
57%
#0174Normale/FollettoIgglybuff
57%
#0219Fuoco/RocciaMagcargo
57%
#0226Acqua/VolanteMantine
57%
#0200SpettroMisdreavus
57%
#0177Psico/VolanteNatu
57%
#0224AcquaOctillery
57%
#0231TerraPhanphy
57%
#0218FuocoSlugma
57%
#0215Buio/GhiaccioSneasel
57%
#0194Acqua/TerraWooper
57%
#0178Psico/VolanteXatu
57%
#0184Acqua/FollettoAzumarill
43%
#0222Acqua/RocciaCorsola
43%
#0210FollettoGranbull
43%
#0183Acqua/FollettoMarill
43%
#0186AcquaPolitoed
43%
#0195Acqua/TerraQuagsire
43%
#0211Acqua/VelenoQwilfish
43%
#0223AcquaRemoraid
43%
#0213Coleottero/RocciaShuckle
43%
#0199Acqua/PsicoSlowking
43%
#0209FollettoSnubbull
43%
#0234NormaleStantler
43%
#0185RocciaSudowoodoo
43%
#0192ErbaSunflora
43%
#0191ErbaSunkern
43%
#0216NormaleTeddiursa
43%
#0217NormaleUrsaring
43%
#0202PsicoWobbuffet
43%
#0193Coleottero/VolanteYanma
43%
#0190NormaleAipom
29%
#0225Ghiaccio/VolanteDelibird
29%
#0233NormalePorygon2
29%
#0235NormaleSmeargle
29%

Distribuzione punteggi

Percentile per numero di risposta

Percentuale di utenti per punteggio

I tuoi punteggi nel tempo

Non hai fatto questo quiz